00743nam a22001817a 4500003000400000008004100004020001800045082001800063100001800081245008600099260007500185300001700260650006200277700002200339942001200361999001700373952017100390OSt260624b |||||||| |||| 00| 0 eng d a9789388892292 a305.42 bB11W aB. S., Swetha aWomen Empowerment through Capacity Building / by Swetha B. S. and Itigi Prabhakar aNew Delhi: bInternational Books & Periodicals Supply Service, c2020. axvii, 153 p. aSocial Sciences | Women | Empowerment | Women's Movements aPrabhakar, Itigi  2ddccBK c52277d52277 00102ddc4070aRAUbRAUcGENd2026-06-24eToday & Tomorrow Printers and Publishers g1950.00l0o305.42 B11Wp87110r2026-06-24w2026-01-29yBKkBill No. IN-00449